Dicionário Russo-Português Português-Russo (Registo nº 1169)

Detalhes MARC
000 -Etiqueta do registo
Cabeçalho 00718nam0a2200277 i 4500
005 - Identificador da versão
Campo de controlo 20240813121827.0
010 ## - Número internacional normalizado dos livros (ISBN)
Número (ISBN) 9789720052087
021 ## - Número do Depósito Legal
Código do país PT
Número 243594/06
100 ## - Dados gerais de processamento
Dados gerais de processamento 20100714d2006 m y0pory5003 ba
102 ## - Pais de publicação ou produção
País de publicação Portugal
101 1# - Língua de publicação
Língua do texto, banda sonora, etc. Português
Língua do documento no original Russo
106 ## - Campo de dados codificados: material textual
Dados codificados do material textual r
105 ## - Campo de dados codificados: livros
Dados codificados dos livros y z 001yy
215 ## - Descrição física 
Indicação específica da natureza do documento e extensão da espécie 639, [1] p., a 2 colns
200 1# - Titulo e menção de responsabilidade
Título próprio Dicionário Russo-Português Português-Russo
225 2# - Colecção 
Título próprio da colecção Dicionários Mini
205 ## - Menção da edição
Menção da edição 1a ed.
210 ## - Publicação, Distribuição, etc. 
Lugar da edição, distribuição, etc. Porto
Nome do editor, distribuidor, etc. Porto Editora
Data da publicação, distribuição, etc. 2006
304 ## - Notas relativas a título e menção de responsabilidade 
Texto da nota Tít. orig.:
606 ## - Nome comum usado como assunto
Número de registo de entrada de autoridade 0001644
Palavra de ordem Língua russa (Dicionários)
675 ## - Classificação Decimal Universal (CDU)
Notação 811.161.1'373(038)
Edição BN
Língua da edição por
942 ## - Elementos de entrada adicionados (Koha)
Tipo de item no Koha Livro
Exemplares
Situação do levantamento Origin of item (home branch) (coded) Biblioteca de empréstimo Código de barras Cota Circulation type (not for loan) Tipo de documento Nota do exemplar Damaged status
  Biblioteca Escolar Eng. Nuno Mergulhão Biblioteca Escolar Eng. Nuno Mergulhão BENM2122 811.161 DIC   Cativo Sem mensagem